| 000 | 00617nam a2200229Ia 4500 | ||
|---|---|---|---|
| 003 | OSt | ||
| 005 | 20230415112717.0 | ||
| 008 | 210423s2008 xx 000 0 und d | ||
| 020 | _a978-81-8376-275-5 | ||
| 040 | _cSAC | ||
| 041 | _aeng | ||
| 082 |
_a332.1 CHOC _223 |
||
| 100 |
_aCHOUDHARY (C M) _9428 |
||
| 245 | _aMoney and banking system in India | ||
| 260 |
_aNew Delhi _bABD Publishers _c2010 |
||
| 300 |
_av,317 _bHB |
||
| 365 |
_b995 _cINR |
||
| 650 |
_aBanking _9429 |
||
| 650 |
_aMoney banking India _9430 |
||
| 906 | _aacquisitions: ; Banks ; impediments ; implications ; mergers | ||
| 942 |
_2ddc _cBK |
||
| 999 |
_c159848 _d159848 |
||